| 000 | 00741nam-a2200205-a-4500 | ||
|---|---|---|---|
| 001 | 000181416 | ||
| 003 | AM-YeHGA | ||
| 005 | 20250617162320.0 | ||
| 008 | 990525s1957 xxu 000 0 rus u | ||
| 020 | _c8.40 | ||
| 040 | _aAM-YeHGA | ||
| 245 | 0 | 0 |
_aСправочник по радиометрии : _bДля геофизиков и геологов / _cСос. В.И. Баранов и др. ; Под ред. В.И. Баранова. |
| 260 |
_aМосква : _bГосгеолтехиздат , _c1957. |
||
| 300 | _a199 с. | ||
| 504 | _aСписок лит. с. 190-196 | ||
| 650 | 1 | 4 | _aРадиометрия |
| 650 | 1 | 4 | _aСправочник |
| 700 | 1 |
_aБаранов, В.И. _eсост. _4com _eред. _4edt |
|
| 090 | _c490642 | ||
| 999 |
_c487273 _d487273 |
||